Schaum's Outline of Theory and problems: (Record no. 609544)
[ view plain ]
| 000 -LEADER | |
|---|---|
| fixed length control field | 00434nam a22001337a 4500 |
| 040 ## - CATALOGING SOURCE | |
| Transcribing agency | NUST |
| 082 ## - DEWEY DECIMAL CLASSIFICATION NUMBER | |
| Classification number | 519.5 |
| Author Mark | SPI |
| 100 ## - MAIN ENTRY--PERSONAL NAME | |
| Personal name | Lipschutz ,Seymour |
| 9 (RLIN) | 8529 |
| 110 ## - MAIN ENTRY--CORPORATE NAME | |
| Corporate name or jurisdiction name as entry element | Schiller ,John |
| 9 (RLIN) | 123318 |
| 245 ## - TITLE STATEMENT | |
| Title | Schaum's Outline of Theory and problems: |
| Remainder of title | Introduction Probability and Statistics: |
| 260 ## - PUBLICATION, DISTRIBUTION, ETC. | |
| Place of publication, distribution, etc. | Lahore: |
| Name of publisher, distributor, etc. | National Book Foundation, |
| Date of publication, distribution, etc. | 2000. |
| 650 ## - SUBJECT ADDED ENTRY--TOPICAL TERM | |
| Topical term or geographic name entry element | Introduction Probability and Statistics , |
| 9 (RLIN) | 123319 |
| 942 ## - ADDED ENTRY ELEMENTS (KOHA) | |
| Source of classification or shelving scheme | |
| Koha item type | Book |
| Withdrawn status | Lost status | Source of classification or shelving scheme | Damaged status | Not for loan | Permanent Location | Current Location | Shelving location | Date acquired | Full call number | Barcode | Date last seen | Price effective from | Koha item type |
|---|---|---|---|---|---|---|---|---|---|---|---|---|---|
| College of Electrical & Mechanical Engineering (CEME) | College of Electrical & Mechanical Engineering (CEME) | General Stacks | 06/06/2024 | 519.5 SPI | CEME- 42422 | 06/06/2024 | 06/06/2024 | Book |
